| 000 | 01089nam a22002537a 4500 | ||
|---|---|---|---|
| 005 | 20170124103215.0 | ||
| 010 | _aB-200144 | ||
| 020 | _c500.00 | ||
| 035 | _aB-200144 | ||
| 037 | _bCen Lib/Ret | ||
| 040 |
_aDPL _bHN |
||
| 082 |
_a613.7 _bअम्बष्ट |
||
| 100 |
_aअम्बष्ट, रवि _998133 |
||
| 245 |
_aआहार,पौष्टिकता और व्यायाम / _cरवि अम्बष्ट |
||
| 246 |
_aAhar,paushtikta aur vyayam / _bby Ravi Ambasht |
||
| 260 |
_aनई दिल्ली _bखेल साहित्य केन्द्र _c2006 |
||
| 270 |
_a7/26, L.G.F.अंसारी रोड, दरियागंज _bनई दिल्ली _e110002 |
||
| 300 |
_a257पृ. : _c20सेमी(सजिल्द) _bसचित्र |
||
| 650 |
_aआहार विज्ञान _998134 |
||
| 650 |
_aआहार -- मौलिक तथ्य _91180 |
||
| 650 |
_aFood Science _985119 |
||
| 650 |
_aDiet - Basic Facts _998135 |
||
| 942 |
_2ddc _cHN _h613.7 _mअम्बष्ट |
||
| 999 |
_c121452 _d121452 |
||